<?xml version="1.0" encoding="UTF-8"?><?xml-stylesheet type="text/xsl" href="static/style.xsl"?><OAI-PMH xmlns="http://www.openarchives.org/OAI/2.0/" xmlns:xsi="http://www.w3.org/2001/XMLSchema-instance" xsi:schemaLocation="http://www.openarchives.org/OAI/2.0/ http://www.openarchives.org/OAI/2.0/OAI-PMH.xsd"><responseDate>2026-04-17T20:59:50Z</responseDate><request verb="GetRecord" identifier="oai:www.recercat.cat:10230/25394" metadataPrefix="marc">https://recercat.cat/oai/request</request><GetRecord><record><header><identifier>oai:recercat.cat:10230/25394</identifier><datestamp>2025-12-13T20:51:28Z</datestamp><setSpec>com_2072_6</setSpec><setSpec>col_2072_452954</setSpec></header><metadata><record xmlns="http://www.loc.gov/MARC21/slim" xmlns:dcterms="http://purl.org/dc/terms/" xmlns:xsi="http://www.w3.org/2001/XMLSchema-instance" xmlns:doc="http://www.lyncode.com/xoai" xsi:schemaLocation="http://www.loc.gov/MARC21/slim http://www.loc.gov/standards/marcxml/schema/MARC21slim.xsd">
   <leader>00925njm 22002777a 4500</leader>
   <datafield ind2=" " ind1=" " tag="042">
      <subfield code="a">dc</subfield>
   </datafield>
   <datafield ind2=" " ind1=" " tag="720">
      <subfield code="a">Vasconcelos, Anna Beatriz Lisbôa de</subfield>
      <subfield code="e">author</subfield>
   </datafield>
   <datafield ind2=" " ind1=" " tag="260">
      <subfield code="c">2015-12-11T19:21:37Z</subfield>
   </datafield>
   <datafield ind2=" " ind1=" " tag="260">
      <subfield code="c">2015-12-11T19:21:37Z</subfield>
   </datafield>
   <datafield ind2=" " ind1=" " tag="260">
      <subfield code="c">2014</subfield>
   </datafield>
   <datafield ind2=" " ind1=" " tag="520">
      <subfield code="a">Tutor: Sergi Sánchez</subfield>
   </datafield>
   <datafield ind2=" " ind1=" " tag="520">
      <subfield code="a">Treball de fi de màster en Estudis de Cinema i Audiovisual Contemporanis</subfield>
   </datafield>
   <datafield ind2=" " ind1=" " tag="520">
      <subfield code="a">Con este trabajo de investigación propongo analizar la/nmanifestación del apocalipsis como fenómeno íntimo, teniendo como base dos/npelículas que destacan por la representación del tema en el cine/ncontemporáneo: Melancolía (Lars von Trier, 2011) y Take Shelter (Jeff Nichols,/n2011). Este estudio comprende la catástrofe como reflejo del colapso interior/ndel individuo y se centra en el límite entre el universo simbólico de los/npersonajes y la realidad objetiva. Con el objetivo de llegar al centro del/napocalipsis como deconstrucción del sujeto, examinaremos las tensiones entre/nespacios internos y externos que se configuran en las películas ya/nmencionadas</subfield>
   </datafield>
   <datafield ind2=" " ind1=" " tag="520">
      <subfield code="a">The purpose of this investigation is to analyze how the apocalypse/nmanifests itself as an intimate phenomenon, considering two examples of contemporary cinema on the subject: Melancholia (Lars von Trier, 2011) and Take Shelter (Jeff Nichols, 2011). The study comprehends catastrophe as a/nreflection of the individual&amp;apos;s internal collapse and focuses on the limits between/nthe character&amp;apos;s symbolic universe and objective reality. To get to the bottom of/nthe apocalypse as the deconstruction of the individual, we will examine the/ntensions between the internal and external spaces structured in the movies.</subfield>
   </datafield>
   <datafield tag="653" ind2=" " ind1=" ">
      <subfield code="a">Melancholia (Pel·lícula cinematogràfica)</subfield>
   </datafield>
   <datafield tag="653" ind2=" " ind1=" ">
      <subfield code="a">Take shelter (Pel·lícula cinematogràfica)</subfield>
   </datafield>
   <datafield tag="653" ind2=" " ind1=" ">
      <subfield code="a">Malalties mentals en la cinematografia</subfield>
   </datafield>
   <datafield tag="653" ind2=" " ind1=" ">
      <subfield code="a">Apocalipsis en la cinematografia</subfield>
   </datafield>
   <datafield ind2="0" ind1="0" tag="245">
      <subfield code="a">Catástrofe íntima: o apocalipse como desconstrução do indivíduo</subfield>
   </datafield>
</record></metadata></record></GetRecord></OAI-PMH>